| 000 | 00458nam a2200121Ia 4500 | ||
|---|---|---|---|
| 008 | 220216s9999 xx 000 0 und d | ||
| 100 | _aDas C | ||
| 245 | 0 | _aUtilization of expanded graphite in butyl rubber compounds for the automobile tube applications | |
| 260 | _bIndia Rubber Expo & Tyre Show 2013. Conference & Workshop Abstracts, 22-24 January 2013, Mumbai, India. pp. 127-131. | ||
| 650 | _aButyle rubber compounds | ||
| 700 | _aMalas A | ||
| 942 | _cJS | ||
| 999 |
_c72028 _d72028 |
||